A new Britain under labor? (Record no. 89960)
[ view plain ]
| 000 -LEADER | |
|---|---|
| fixed length control field | 00931cam a22002531 4500 |
| 001 - CONTROL NUMBER | |
| control field | sd 46000001 |
| 003 - CONTROL NUMBER IDENTIFIER | |
| control field | DLC |
| 005 - DATE AND TIME OF LATEST TRANSACTION | |
| control field | 20260227112735.0 |
| 008 - FIXED-LENGTH DATA ELEMENTS--GENERAL INFORMATION | |
| fixed length control field | 950222s1945 nyu b 000 0 eng c |
| 010 ## - LIBRARY OF CONGRESS CONTROL NUMBER | |
| LC control number | sd 46000001 |
| 035 ## - SYSTEM CONTROL NUMBER | |
| System control number | (OCoLC)32033955 |
| 040 ## - CATALOGING SOURCE | |
| Original cataloging agency | U.S. Dept. of State. Libr. |
| Transcribing agency | IEN |
| Modifying agency | DLC |
| 050 00 - LIBRARY OF CONGRESS CALL NUMBER | |
| Classification number | D410 |
| Item number | .F65 vol. 21, no. 17 |
| 082 #0 - DEWEY DECIMAL CLASSIFICATION NUMBER | |
| Classification number | 330.942 |
| 100 1# - MAIN ENTRY--PERSONAL NAME | |
| Personal name | McClellan, Grant S. |
| 245 12 - TITLE STATEMENT | |
| Title | A new Britain under labor? |
| Statement of responsibility, etc. | By Grant S. McClellan. |
| 260 ## - PUBLICATION, DISTRIBUTION, ETC. | |
| Place of publication, distribution, etc. | New York, N.Y., |
| Name of publisher, distributor, etc. | Foreign Policy Association, Incorporated |
| Date of publication, distribution, etc. | [1945] |
| 300 ## - PHYSICAL DESCRIPTION | |
| Extent | 1 p. l., 235-243, [1] p. |
| Dimensions | 27 cm. |
| 490 0# - SERIES STATEMENT | |
| Series statement | Foreign policy reports, |
| Volume/sequential designation | vol. XXI, no. 17. November 15, 1945 |
| 500 ## - GENERAL NOTE | |
| General note | "Britain's health and educational plans, by O.K.D. Ringwood and G.S. McClellan": p. [244] |
| 504 ## - BIBLIOGRAPHY, ETC. NOTE | |
| Bibliography, etc. note | Bibliographical foot-notes. |
| 651 #0 - SUBJECT ADDED ENTRY--GEOGRAPHIC NAME | |
| Geographic name | Great Britain |
| General subdivision | Economic policy. |
| 651 #0 - SUBJECT ADDED ENTRY--GEOGRAPHIC NAME | |
| Geographic name | Great Britain |
| General subdivision | Economic conditions |
| Chronological subdivision | 1918-1945. |
No items available.